<?xml version="1.0" encoding="UTF-8"?>
<record
    xmlns:xsi="http://www.w3.org/2001/XMLSchema-instance"
    xsi:schemaLocation="http://www.loc.gov/MARC21/slim http://www.loc.gov/standards/marcxml/schema/MARC21slim.xsd"
    xmlns="http://www.loc.gov/MARC21/slim">

  <leader>01087nam a2200253 i 4500</leader>
  <controlfield tag="001">146010</controlfield>
  <controlfield tag="003">ES-MaACL</controlfield>
  <controlfield tag="005">20250511122918.0</controlfield>
  <controlfield tag="007">t|</controlfield>
  <controlfield tag="008">071018s1972    sp           ||||1| spa d</controlfield>
  <datafield tag="080" ind1=" " ind2=" ">
    <subfield code="a">821.134.2-2"16"(082.2)</subfield>
  </datafield>
  <datafield tag="100" ind1="1" ind2=" ">
    <subfield code="a">Vega, Lope de,</subfield>
    <subfield code="d">1562-1635</subfield>
    <subfield code="9">113563</subfield>
  </datafield>
  <datafield tag="245" ind1="1" ind2="0">
    <subfield code="a">Perib&#xE1;&#xF1;ez y el comendador de Oca&#xF1;a ; Fuenteovejuna ; El caballero de Olmedo ; El mejor alcalde, el Rey / </subfield>
    <subfield code="c">Lope de Vega. El pr&#xED;ncipe constante ; La vida es sue&#xF1;o ; El alcalde de Zalamea ; El m&#xE1;gico prodigioso ; Autos sacramentales escogidos / Calder&#xF3;n ; [presentaci&#xF3;n J. de Entrambasaguas ; estudio preliminar Manuel Carri&#xF3;n G&#xFA;tiez].</subfield>
  </datafield>
  <datafield tag="260" ind1=" " ind2=" ">
    <subfield code="a">Barcelona : </subfield>
    <subfield code="b">Carroggio, </subfield>
    <subfield code="c">[1972]</subfield>
  </datafield>
  <datafield tag="300" ind1=" " ind2=" ">
    <subfield code="a">496 p., 16 l&#xE1;m. ; </subfield>
    <subfield code="c">24 cm.</subfield>
  </datafield>
  <datafield tag="650" ind1=" " ind2="4">
    <subfield code="a">Teatro espa&#xF1;ol-</subfield>
    <subfield code="y">S.XVI-XVII.</subfield>
    <subfield code="9">17350</subfield>
  </datafield>
  <datafield tag="650" ind1="1" ind2="4">
    <subfield code="a"> </subfield>
    <subfield code="9">239565</subfield>
  </datafield>
  <datafield tag="700" ind1="1" ind2=" ">
    <subfield code="a">Entrambasaguas, Joaqu&#xED;n de,</subfield>
    <subfield code="d">1904-1995</subfield>
    <subfield code="9">47309</subfield>
  </datafield>
  <datafield tag="700" ind1="1" ind2=" ">
    <subfield code="a">Carri&#xF3;n G&#xFA;tiez, Manuel.</subfield>
    <subfield code="9">35810</subfield>
  </datafield>
  <datafield tag="700" ind1="1" ind2=" ">
    <subfield code="a">Calder&#xF3;n de la Barca, Pedro, </subfield>
    <subfield code="9">239594</subfield>
    <subfield code="d">1600-1681</subfield>
  </datafield>
  <datafield tag="852" ind1="4" ind2=" ">
    <subfield code="a">ES-MaACL</subfield>
    <subfield code="j">C-49258</subfield>
  </datafield>
  <datafield tag="942" ind1=" " ind2=" ">
    <subfield code="2">udc</subfield>
  </datafield>
  <datafield tag="999" ind1=" " ind2=" ">
    <subfield code="c">146010</subfield>
    <subfield code="d">146010</subfield>
  </datafield>
  <datafield tag="952" ind1=" " ind2=" ">
    <subfield code="0">0</subfield>
    <subfield code="1">0</subfield>
    <subfield code="4">0</subfield>
    <subfield code="7">0</subfield>
    <subfield code="a">ATENEOM</subfield>
    <subfield code="b">ATENEOM</subfield>
    <subfield code="c">DEPO2</subfield>
    <subfield code="d">2008-01-17</subfield>
    <subfield code="e">SC</subfield>
    <subfield code="l">0</subfield>
    <subfield code="o">C-49258</subfield>
    <subfield code="p">1152403</subfield>
    <subfield code="r">2023-02-23 00:00:00</subfield>
    <subfield code="w">2023-02-23</subfield>
    <subfield code="y">MONOGRAFIA</subfield>
  </datafield>
</record>
